People's Participation and Voluntary Action: (Record no. 63586)

MARC details
000 -LEADER
fixed length control field 00622nam a22001457a 4500
005 - DATE AND TIME OF LATEST TRANSACTION
control field 20170828151020.0
020 ## - INTERNATIONAL STANDARD BOOK NUMBER
International Standard Book Number 8173913943
Terms of availability 000.00
035 ## - SYSTEM CONTROL NUMBER
System control number B-058933
037 ## - SOURCE OF ACQUISITION
Stock number DPL
Source of stock number/acquisition ENG
100 ## - MAIN ENTRY--PERSONAL NAME
Personal name Rana, Kranti
245 ## - TITLE STATEMENT
Title People's Participation and Voluntary Action:
Statement of responsibility, etc by Kranti Rana
Remainder of title Dimensions, Roles and strategies/
260 ## - PUBLICATION, DISTRIBUTION, ETC. (IMPRINT)
Place of publication, distribution, etc New Delhi
Name of publisher, distributor, etc Kanishka Publishers, Distributors
Date of publication, distribution, etc 2001
300 ## - PHYSICAL DESCRIPTION
Extent xii,324p.
Dimensions 23 cms.
942 ## - ADDED ENTRY ELEMENTS (KOHA)
Source of classification or shelving scheme Dewey Decimal Classification
Item type English Books
Classification part 060
Call number suffix RAN
Holdings
Withdrawn status Lost status Not for loan Collection code Home library Current library Date acquired Full call number Barcode Koha item type
      Non-fiction Sarojini Nagar Sarojini Nagar 29/02/2012 060 RAN B-058933 English Books

© Delhi Public Library
Hit Counter
free hit counter